000 00509nam a2200181Ia 4500
005 20260429112247.0
008 260429s9999||||xx |||||||||||||| ||und||
020 _a9789382848783
041 _aHindi
082 _a891.433
_bMEG
100 _aमेघा
245 0 _aतुम्हारे साथ /
_cमेघा
250 _a1st ed.
260 _aनई दिल्ली :
_bप्रकाशन संस्थान,
_c2014.
300 _axi, 247 p.; Hb
650 _aNovel
942 _cTB
999 _c53182
_d53182